| 000 | 00376nam a2200145Ia 4500 | ||
|---|---|---|---|
| 008 | 240624s9999 xx 000 0 und d | ||
| 041 | _aeng | ||
| 082 | _a658.827 KUN | ||
| 100 | _aKUNITZKY RON | ||
| 245 | _aPARTNERSHIP MARKETING HOW TO GROW YOUR B | ||
| 250 | _a11 | ||
| 260 |
_c2011 _aCanada _bJohn Wiley and Sons |
||
| 300 | _axxii, : 233 : p. : cm. ; 23 | ||
| 365 |
_c _b27 |
||
| 999 |
_c17768 _d17768 |
||